000 00442nam a2200169Ia 4500
005 20250423095042.0
008 250422s9999 xx 000 0 und d
020 _a0- 13- 736539- X
050 _aQA 371.5 .D37/
100 _aPaul W. Davis
245 0 _aDifferential equations: modeling with MATLAB
260 _bPrentice- Hall
260 _c1999
300 _a678 p
650 _aDifferential equations- data processing
942 _cBK
999 _c29094
_d29094